000 00341 a2200109 4500
001 ART_12698
005 20260410161908.0
008 260409a
245 1 0 _aThe Determinants of Equilibrium Unemployment in Britain
100 1 _aNickell, S. J.
773 0 _tThe Economic Journal
_g- Vol. 92, NÂș 367 (set. 1982)
_wREV12512
999 _c26591
_d26591